000 00762nam a22002417a 4500
001 BR8004169
003 BR-BrBNA
005 20230928090643.0
007 ta
008 230509b bl.||||| |||| 00| 0 por d
040 _aBR-BrBNA
_bpor
_cBiblioteca Nacional de Agricultura
041 _a(Eng, Spa, Fre, Ita, Ger, Por)
072 _aE10
_b8920
090 _ 8920 BR8004169
110 1 _aConfederacao Nacional da Industria, Rio de Janeiro, RJ (Brasil). Depto. de Assistencia a Media e Pequena Industria. Div. de Documentacao Tecnica
245 1 _aGlossario textil
260 3 _aRio de Janeiro, RJ (Brasil):
_c1980.
300 _a240 p.
650 _aINDUSTRIA TEXTIL
650 _aINDUSTRIALIZACAO
909 _a202309
_bLucia
_c55
_dLucia Elande
942 _cBK
999 _c29849
_d29849